| 000 | 00495nam a2200181 a 4500 | ||
|---|---|---|---|
| 005 | 20240924070310.0 | ||
| 008 | 991125s1976 ag 000 0 spa u | ||
| 035 | _aUPN01000012287 | ||
| 049 | _aF | ||
| 050 | 4 |
_aGN316 _bL4.3 |
|
| 100 | 1 |
_aLévi-Strauss, Claude, _d1908-2009 _928948 |
|
| 245 | 1 | 0 |
_aCrítica de la antropología / _cClaude Lévi Strauss. |
| 260 |
_aBuenos Aires : _bCuervo, _c1976. |
||
| 300 | _a35 p. | ||
| 440 | 0 |
_aCrítica ; _v1 |
|
| 650 | 2 |
_aEtnología _94794 |
|
| 905 | _aLibro | ||
| 999 |
_c12287 _d12287 |
||